000 00561nam a2200193 4500
001 122025
003 ES-MaACL
005 20230906191907.0
007 t|
008 070214s1967 sp r ||||1| spa d
245 0 0 _aPostconcilio en España /
_cCarlos Escartin Núñez [et. al.].
260 _aMadrid :
_bEpalsa,
_c1967.
300 _a78 p. ;
_c18 cm.
490 1 _aCuadernos palabra ;
_v5
700 1 _aEscartin Núñez, Carlos.
_947524
830 0 _aCuadernos palabra ;
_v5
_9181500
852 _aES-MaACL
_jC-32516
_bR.63036
999 _c122025
_d122025